| 000 | 00872nam a2200229Ii 4500 | ||
|---|---|---|---|
| 003 | JO-AjNU | ||
| 008 | 230605s9999||||xx |||||||||||||| ||und|| | ||
| 017 | _a1986/5822 | ||
| 020 | _a977-01-1162-7 | ||
| 040 |
_aJO-AjNU _bara _erda _cJO-AjNU |
||
| 041 | _aara | ||
| 050 | 1 | 4 | _aHM251 .Q37 1986 |
| 100 | 3 |
_aاعداد وتنسيق وتقديم مليكه، لويس كامل, _eauthor _934819 |
|
| 245 | 0 | 0 | _aقراءات في علم النفس الاجتماعي في اليلاد العربية، ج1 |
| 250 | _aط2 | ||
| 264 | 3 | 1 | _aالقاهرة: الهيئة المصرية العامة للكتاب، 1986 |
| 300 |
_aج1، 670ص _bيحتوي على ببلوغرافية من 669-670ص |
||
| 336 |
_atext _btxt _2rdacontent |
||
| 337 |
_aunmediated _bn _2rdamedia |
||
| 338 |
_avolume _bnc _2rdacarrier |
||
| 650 | 4 |
_aعلم النفس الاجتماعي _934820 |
|
| 999 |
_aA14314 _c17882 _d17882 |
||